000 00722nam a2200241Ia 4500
005 20260430150720.0
008 008 250103s9999 xx 000 0 eng d
037 _aTheses
040 _aCRL
040 _beng
040 _ceng
041 _2eng
041 _aeng
084 _qCRL
100 _aModeel Sonakshi Au.; Negi Ram Krishan Gu.
_91238281
245 0 _aDNA Barcoding of Fishes of River Beas (India) and Integration of Molecular Data to Resolve Taxonomical Ambiguities among Inter and Intra-specific Levels
260 _c2024
300 _a162p.
650 _aZoology
700 _aUniversity of Delhi. Faculty of Science. Deptt. of Zoology
_91237570
942 _cTH
999 _c1850452
_d1850452